The United States Quiz Stats

Quiz Updated Apr 23, 2018

Also try: The Mordor Quiz
Challenge
Share
Tweet
Embed
Score 0/50 Timer 07:00
12 Plays Today
Hint Answer % Correct
Flag ColorRed
99.5%
Flag ColorWhite
99.5%
Flag ColorBlue
99.4%
PresidentDonald Trump
98.9%
First PresidentGeorge Washington
97.1%
Capital CityWashington, D.C.
97.1%
Official NameUnited States of America
96.5%
Bordering CountryCanada
95.6%
Bordering CountryMexico
95.4%
Bordering OceanAtlantic Ocean
94.2%
Bordering OceanPacific Ocean
94.1%
Major Political PartyDemocratic Party
94.1%
Primary languageEnglish
93.9%
CurrencyUnited States Dollar (USD)
93.8%
Major Political PartyRepublican Party
93.6%
Independence DayJuly 4, 1776
93.1%
Primary ContinentNorth America
92.4%
# of States in the Union50
91.7%
Largest CityNew York City
91.3%
Largest StateAlaska
90.9%
Largest ReligionChristianity
90.9%
National Pastime (Sport)Baseball
90.4%
Smallest StateRhode Island
89.7%
Presidential ResidenceWhite House
88.3%
Last State to JoinHawaii
88.2%
Hint Answer % Correct
National BirdBald Eagle
87.2%
Vice PresidentMike Pence
83.5%
Independence fromKingdom of Great Britain
83%
Drives on the...Right
80.2%
National AnthemThe Star-Spangled Banner
78.6%
Nationality (Demonym)American
77.4%
Oldest Institution of Higher LearningHarvard University
75.9%
Age of Suffrage18
72.8%
First State to JoinDelaware
70.2%
Bordering OceanArctic Ocean
68.1%
First National ParkYellowstone National Park
67%
Internet Country Code.us
66.7%
Largest LakeLake Superior
66.3%
Tallest BuildingOne World Trade Center
62.5%
Lowest Point (-86 m)Death Valley
55%
Speaker of the HousePaul Ryan
53.7%
National TreeOak
52%
Highest Point (6,194 m)Denali
50.1%
Longest RiverMissouri River
49.5%
Official MottoIn God We Trust
47.3%
National FlowerRose
40.6%
Chief JusticeJohn Roberts
31.9%
Federal Reserve ChairmanJerome Powell
27.2%
Traditional MottoE Pluribus Unum
27.1%
Oldest Commissioned Naval VesselUSS Constitution
23.5%

You're not logged in!

Compare scores with friends on all Sporcle quizzes.
Join for Free
OR
Log In

You Might Also Like...

Show Comments

Extras

Top Quizzes Today


Score Distribution

Your Account Isn't Verified!

In order to create a playlist on Sporcle, you need to verify the email address you used during registration. Go to your Sporcle Settings to finish the process.

Report this User

Report this user for behavior that violates our Community Guidelines.

Details: